000 00879nam a22001817a 4500
999 _c64143
_d64143
003 Ge_BSU
005 20260416111156.0
008 260416s1965 ge ||||| |||| 00| 0 geo d
041 _ageo
080 _a69:658 ჯ-42
100 _aჯიბლაძე, ვ.
_927326
245 _aმშენებლობის მართვის სრულყოფა და მისი ეკონომიური ეფექტურობა /
_cვ. ჯიბლაძე; ეკონომიკისა და სამართლის ინ-ტი.
264 _aთბ. :
_bმეცნიერება,
_c1965.
300 _a174 გვ. ;
_b21 სმ.
653 _aმშენებლობის მართვა
653 _aმშენებლობის ეკონომიური ეფექტურობა
942 _2udc
_cᲬᲘᲒᲜᲘ